<?xml version="1.0" encoding="UTF-8"?>
<record
    xmlns:xsi="http://www.w3.org/2001/XMLSchema-instance"
    xsi:schemaLocation="http://www.loc.gov/MARC21/slim http://www.loc.gov/standards/marcxml/schema/MARC21slim.xsd"
    xmlns="http://www.loc.gov/MARC21/slim">

  <leader>01592nam a2200301 a 4500</leader>
  <controlfield tag="001">000000420796</controlfield>
  <controlfield tag="003">IT-MiSPE</controlfield>
  <controlfield tag="005">20250324143223.0</controlfield>
  <controlfield tag="008">151113s1957    fr ch         000 u fre d</controlfield>
  <datafield tag="040" ind1=" " ind2=" ">
    <subfield code="a">IT-MiSPE</subfield>
    <subfield code="b">ita</subfield>
    <subfield code="d">lco</subfield>
    <subfield code="c">IT-MiSPE</subfield>
  </datafield>
  <datafield tag="041" ind1=" " ind2=" ">
    <subfield code="a">fre</subfield>
    <subfield code="h">fre</subfield>
  </datafield>
  <datafield tag="082" ind1=" " ind2=" ">
    <subfield code="a">194-PAS bl pe (ppv 23403)</subfield>
  </datafield>
  <datafield tag="100" ind1="1" ind2=" ">
    <subfield code="a">Pascal, Blaise,</subfield>
    <subfield code="d">1623-1662.</subfield>
    <subfield code="9">61963</subfield>
  </datafield>
  <datafield tag="245" ind1="1" ind2="0">
    <subfield code="a">Pens&#xE9;es /</subfield>
    <subfield code="c">Pascal ; texte de l'&#xE9;dition Brunschvicg ; introduction et notes par Ch.M. Des Granges.</subfield>
  </datafield>
  <datafield tag="250" ind1=" " ind2=" ">
    <subfield code="a">&#xC9;d. pr&#xE9;c&#xE9;d&#xE9;e de la vie de Pascal /</subfield>
    <subfield code="b">par Mme P&#xE9;rier</subfield>
  </datafield>
  <datafield tag="260" ind1=" " ind2=" ">
    <subfield code="a">Paris :</subfield>
    <subfield code="b">Garnier,</subfield>
    <subfield code="c">1961.</subfield>
  </datafield>
  <datafield tag="300" ind1=" " ind2=" ">
    <subfield code="a">x, 342 p., [4] c. di tav. :</subfield>
    <subfield code="b">facs. ;</subfield>
    <subfield code="c">19 cm</subfield>
  </datafield>
  <datafield tag="520" ind1=" " ind2=" ">
    <subfield code="a">I ''Pensieri'' sono un insieme di riflessioni filosofiche e religiose, stese sotto forma di appunti, di brevi annotazioni, di battute polemiche e, qualche volta, anche di pi&#xF9; ampie trattazioni, che Pascal scrisse a partire del 1658. Non sono solo un grandioso affresco apologetico del cristianesimo. Essi contengono riflessioni acute, spesso impietose, sempre realisticamente aderenti, sull'uomo come &#xE8; di fatto, nella sua realt&#xE0; concreta.</subfield>
  </datafield>
  <datafield tag="600" ind1="1" ind2="4">
    <subfield code="a">Pascal, Blaise,</subfield>
    <subfield code="d">1623-1662</subfield>
    <subfield code="0">(Wikidata) Q1290.</subfield>
    <subfield code="9">61963</subfield>
  </datafield>
  <datafield tag="655" ind1=" " ind2="7">
    <subfield code="a">Filosofi di lingua francese. Generalit&#xE0; e filosofi fino al 1920</subfield>
    <subfield code="x">Filosofi del 1500 e del 1600: Pascal Blaise, 1623-1662.</subfield>
    <subfield code="9">61964</subfield>
  </datafield>
  <datafield tag="700" ind1="1" ind2=" ">
    <subfield code="a">Des Granges, Charles Marc,</subfield>
    <subfield code="d">1861-1944,</subfield>
    <subfield code="e">ed.</subfield>
    <subfield code="9">61977</subfield>
  </datafield>
  <datafield tag="700" ind1="1" ind2=" ">
    <subfield code="a">P&#xE9;rier, Gilberte,</subfield>
    <subfield code="d">1620-1687.</subfield>
    <subfield code="9">61978</subfield>
  </datafield>
  <datafield tag="900" ind1="1" ind2=" ">
    <subfield code="d">1620-1685.</subfield>
  </datafield>
  <datafield tag="942" ind1=" " ind2=" ">
    <subfield code="2">ddc</subfield>
    <subfield code="c">BK</subfield>
  </datafield>
  <datafield tag="990" ind1="1" ind2="0">
    <subfield code="a">90001ac</subfield>
    <subfield code="b">10001ad</subfield>
  </datafield>
  <datafield tag="990" ind1="1" ind2="0">
    <subfield code="a">90002ad</subfield>
    <subfield code="b">70002ad</subfield>
  </datafield>
  <datafield tag="999" ind1=" " ind2=" ">
    <subfield code="c">360465</subfield>
    <subfield code="d">360465</subfield>
  </datafield>
  <datafield tag="952" ind1=" " ind2=" ">
    <subfield code="0">0</subfield>
    <subfield code="1">0</subfield>
    <subfield code="2">ddc</subfield>
    <subfield code="4">0</subfield>
    <subfield code="6">194PAS_BL_PE_PPV_23403</subfield>
    <subfield code="7">1</subfield>
    <subfield code="a">CINISELLO</subfield>
    <subfield code="b">CINISELLO</subfield>
    <subfield code="d">2025-03-24</subfield>
    <subfield code="l">0</subfield>
    <subfield code="o">194-PAS bl pe (ppv 23403)</subfield>
    <subfield code="r">2025-03-24 14:32:49</subfield>
    <subfield code="w">2025-03-24</subfield>
    <subfield code="y">BK</subfield>
  </datafield>
</record>
